000 00927cam a2200313 a 4500
001 12264518
003 OSt
005 20140310181621.0
008 000923s1998 ph b 001 0 eng
010 _a 99504430
020 _a9718527400
035 _a(DLC) 99504430
037 _bLibrary of Congress -- Jakarta Overseas Office
_cP450.00
040 _aDLC
_cDLC
_dDLC
042 _alcode
050 0 0 _aBD 435
_b.V732 1998
082 0 0 _aHS
_b121 Vi 1998
100 1 _aVillegas, Bernardo M.
_910374
245 1 4 _aThe book of values /
_cBernardo M. Villegas.
250 _a2nd ed.
260 _aMetro Manila :
_bUniversity of Asia and the Pacific,
_cc1998.
300 _a292 p. :
_c22 cm.
541 _j1
650 0 _aValues.
_910375
650 0 _aChristian ethics
_xCatholic authors.
_910376
906 _a7
_bcbc
_corigode
_d3
_encip
_f19
_gy-gencatlg
942 _2lcc
_cHS
999 _c148
_d148